000 00642nam a22001817a 4500
005 20251108165234.0
008 250721s1968 xx 000 0 ara d
082 1 4 _a915.605/ب
100 1 _aالبكري، أبو عبيد بن عبد العزيز
245 1 0 _aجغرافية الأندلس و أوروبا من كتاب المسالك و الممالك لأبي عبيد البكري /
264 1 _aبيروت :
_bدار الإرشاد،
_c1968.
300 _a258ص
650 1 7 _aالأندلس
650 1 7 _aالجغرافيا
700 1 _aالحجي، عبد الرحمن علي
_eتحقيق
942 _2ddc
_cBK
999 _c22959
_d22959